|
|
|
|
| LEADER |
00000nab a2200000 ar4500 |
| 001 |
vtls009278729 |
| 003 |
SK-MaSNL |
| 005 |
20260318122100.0 |
| 008 |
080326c2007 xo |||||||||||000 b|eng |
| 015 |
|
|
|a SNBRB2008/03
|2 snkbucl
|
| 038 |
|
|
|a SNKBUCL
|
| 040 |
|
|
|a SNKBUCL
|b slo
|c SNKBUCL
|e AACR2
|
| 041 |
0 |
|
|a eng
|b eng
|
| 044 |
|
|
|a xo
|c SK
|
| 080 |
|
|
|a 544.452.2:662.62/.67:519.6
|2 2001
|
| 080 |
|
|
|a 662.62/.67
|2 2001
|
| 080 |
|
|
|a 519.6
|2 2001
|
| 100 |
1 |
|
|a Alijev, Ali V.
|4 aut
|9 1564331
|
| 245 |
1 |
0 |
|a Flame propagation along solid propellant surface in asymmetric channels
|c Ali V. Alijev, Peter Lipták
|
| 300 |
|
|
|b Sch.
|
| 504 |
|
|
|a Bibliogr. odkazy
|
| 546 |
|
|
|a Res. angl.
|
| 650 |
0 |
7 |
|a tuhé palivá
|2 snkbucl
|9 50879
|
| 650 |
0 |
7 |
|a horenie
|2 SNKPH
|9 17158
|
| 650 |
0 |
7 |
|a šírenie plameňa
|2 snkbucl
|9 50233
|
| 650 |
0 |
7 |
|a numerická analýza
|2 SNKPH
|9 3946
|
| 650 |
0 |
7 |
|a matematické modelovanie
|2 SNKPH
|9 4279
|
| 700 |
1 |
|
|a Lipták, Peter,
|d 1950-
|4 aut
|9 160185
|
| 773 |
0 |
|
|t University review
|g Vol. 1, no. 2 (2007), s. 18-21
|x 1337-6047
|
| 852 |
|
|
|a SNK
|b KIS3GCP
|
| 958 |
|
|
|a NB
|
| 999 |
|
|
|c 3187008
|d 3188938
|